Structural analysis / (Record no. 101903)
[ view plain ]
| 000 -LEADER | |
|---|---|
| fixed length control field | 01074nam a22002537a 4500 |
| 005 - DATE AND TIME OF LATEST TRANSACTION | |
| control field | 20170504150102.0 |
| 010 ## - LCCN (DPL NO) | |
| LC control number | 1617EN ENG-116891 |
| 020 ## - INTERNATIONAL STANDARD BOOK NUMBER | |
| International Standard Book Number | 9780198069188 |
| Terms of availability | 695.00 |
| 035 ## - SYSTEM CONTROL NUMBER | |
| System control number | B-651516-520 |
| 035 ## - SYSTEM CONTROL NUMBER | |
| System control number | B-666243 |
| 035 ## - SYSTEM CONTROL NUMBER | |
| System control number | EN-100423 |
| 037 ## - SOURCE OF ACQUISITION | |
| Source of stock number/acquisition | Pragati |
| Stock number | dpl |
| 037 ## - SOURCE OF ACQUISITION | |
| Source of stock number/acquisition | DBAD/PUB |
| 082 ## - DEWEY DECIMAL CLASSIFICATION NUMBER | |
| Classification number | 624.17 |
| 100 ## - MAIN ENTRY--PERSONAL NAME | |
| Personal name | Thandavamoorthy , T.S. |
| 245 ## - TITLE STATEMENT | |
| Title | Structural analysis / |
| Statement of responsibility, etc | by T.S.Thandavamoorthy |
| 260 ## - PUBLICATION, DISTRIBUTION, ETC. (IMPRINT) | |
| Date of publication, distribution, etc | 2015 (rp) |
| Place of publication, distribution, etc | New Delhi |
| Name of publisher, distributor, etc | Oxford University Press |
| 270 ## - ADDRESS | |
| Address | YMCA Library Building, 1, Jai Singh Road, |
| City | New Delhi |
| Postal code | 110001. |
| 300 ## - PHYSICAL DESCRIPTION | |
| Dimensions | 24cm(pbk) |
| Extent | xix,1336p. |
| Other physical details | ill. |
| 500 ## - GENERAL NOTE | |
| General note | Includes bibliographical references and index |
| 942 ## - ADDED ENTRY ELEMENTS (KOHA) | |
| Item type | English Books |
| Source of classification or shelving scheme | Dewey Decimal Classification |
| Classification part | 624.17 |
| Call number suffix | THA |
| Withdrawn status | Lost status | Not for loan | Collection code | Home library | Current library | Date acquired | Source of acquisition | Cost, normal purchase price | Full call number | Barcode | Copy number | Cost, replacement price | Koha item type | Public note |
|---|---|---|---|---|---|---|---|---|---|---|---|---|---|---|
| Lost and Paid For | Non-fiction | Ashok Vihar | Ashok Vihar | 04/05/2017 | BPPD/EN/2016-17/AV/16-17/466/15.02.2017/570/28.02.2017/10.3.2017 | 695.00 | 624.17 THA | B-666243 | 1 | 695.00 | English Books | lost | ||
| Non-fiction | Bawana | Bawana | 09/02/2017 | BPPD/EN/2016-17/300/24.11.2016/IN339/02.12.2016/4.01.17 | 695.00 | 624.17 THA | B-651519 | 1 | 695.00 | English Books | ||||
| Non-fiction | Central Library | Central Library | 09/02/2017 | BPPD/EN/2016-17/300/24.11.2016/IN339/02.12.2016/4.01.17 | 695.00 | 624.17 THA | B-651516 | 1 | 695.00 | English Books | ||||
| Non-fiction | Patel Nagar | Patel Nagar | 22/12/2016 | DBAD/PUB | 695.00 | 624.17 THA | EN-100423 | 1 | 695.00 | English Books | ||||
| Non-fiction | Patel Nagar | Patel Nagar | 09/02/2017 | BPPD/EN/2016-17/300/24.11.2016/IN339/02.12.2016/4.01.17 | 695.00 | 624.17 THA | B-651517 | 1 | 695.00 | English Books | ||||
| Non-fiction | Sarojini Nagar | Sarojini Nagar | 09/02/2017 | BPPD/EN/2016-17/300/24.11.2016/IN339/02.12.2016/4.01.17 | 695.00 | 624.17 THA | B-651518 | 1 | 695.00 | English Books | ||||
| Non-fiction | Shahdara Branch | Shahdara Branch | 09/02/2017 | BPPD/EN/2016-17/300/24.11.2016/IN339/02.12.2016/4.01.17 | 695.00 | 624.17 THA | B-651520 | 1 | 695.00 | English Books |
